000 00379pab a2200145 454500
008 180718b2006 xxu||||| |||| 00| 0 eng d
100 _aAggarwal, Rajesh Kumar
245 _aNational rural health mission: an ambitious plan
260 _c2006
300 _ap.73-82.
362 _aOct
650 _aHealth services
773 _aGuru Nanak Journal of Sociology
909 _a72443
999 _c72443
_d72443